Normal view
MARC view
Entry Topical Term
001 - CONTROL NUMBER
- control field: 14459
003 - CONTROL NUMBER IDENTIFIER
- control field: BD-RjUL
005 - DATE AND TIME OF LATEST TRANSACTION
- control field: 20241128104123.0
008 - FIXED-LENGTH DATA ELEMENTS
- fixed length control field: 241128|| aca||aabn | a|a d
040 ## - CATALOGING SOURCE
- Original cataloging agency: BD-RjUL
- Transcribing agency: BD-RjUL
150 ## - HEADING--TOPICAL TERM
- Topical term or geographic name entry element: Islam
- Form subdivision: Al-Quran
670 ## - SOURCE DATA FOUND
- Source citation: Work cat.: (BD-RjUL)84382: আলী, হাসান 14457, আল-কুরআন ও আস-সুন্নাহর আলোকে প্রচলিত ক্রয়-বিক্রয় :, ২০২২